000 00557nam a2200229Ia 4500
003 OSt
005 20220918204535.0
006 a|||||r|||| 00| 0
007 ta
008 220917b |||||||| |||| 00| 0 eng d
024 _a113,219
037 _cTextual
040 _aARTS
_cARTS
_beng
041 _2eng
_aeng
082 _aV53:5:L1, J4
100 _aLough J
_9111062
245 0 _aIntroduction to 17th century France
260 _c1954
650 _aHISTORY
942 _hV53:5:L1, J4
_cTEXL
_2CC
999 _c236552
_d236552